[Event "13th Vidmar Memorial"]
[Site "Portoroz SLO"]
[Date "1999.06.13"]
[Round "1"]
[White "Pavasovic, Dusko"]
[Black "Kozul, Zdenko"]
[Result "0-1"]
[WhiteElo "2502"]
[BlackElo "2585"]
[EventDate "1999.06.12"]
[PlyCount "46"]

1.e4 c5 2.Nf3 Nc6 3.Bb5 g6 4.O-O Bg7 5.Nc3 e5 6.d3 Nge7 7.Bg5 h6 8.Be3 d6 
9.Nd2 O-O 10.Bc4 Kh7 11.f4 f5 12.fxe5 Nxe5 13.h3 Nxc4 14.Nxc4 b6 15.Bf4 
fxe4 16.Bxd6 Rxf1+ 17.Qxf1 Nf5 18.Bf4 exd3 19.cxd3 Ba6 20.Qf3 Qd4+ 21.Kh1 
Re8 22.Rd1 Re7 23.Nd5 Bb7 0-1

[Event "13th Vidmar Memorial"]
[Site "Portoroz SLO"]
[Date "1999.06.14"]
[Round "2"]
[White "Kozul, Zdenko"]
[Black "Aronian, Levon"]
[Result "1-0"]
[WhiteElo "2585"]
[BlackElo "2502"]
[EventDate "1999.06.12"]
[PlyCount "59"]

1.d4 Nf6 2.Nf3 d6 3.c4 Nbd7 4.Nc3 c6 5.e4 e5 6.Be2 Be7 7.O-O O-O 8.Be3 a6 
9.d5 cxd5 10.cxd5 b5 11.Nd2 Qc7 12.Qb1 Qb8 13.b4 Nb6 14.Nb3 Bd7 15.Na5 Rc8
16.Rc1 Ra7 17.a4 Rac7 18.axb5 Rxc3 19.Nc6 Rxc1+ 20.Qxc1 Bxc6 21.bxc6 Qc7 
22.Rxa6 Nbxd5 23.exd5 Nxd5 24.Bg4 Rf8 25.Ra7 Qb8 26.c7 Nxc7 27.Rxc7 Qxb4 
28.Bf3 Bd8 29.Rb7 Qa4 30.Bd5 1-0

[Event "13th Vidmar Memorial"]
[Site "Portoroz SLO"]
[Date "1999.06.14"]
[Round "2"]
[White "Stohl, Igor"]
[Black "Pavasovic, Dusko"]
[Result "1-0"]
[WhiteElo "2573"]
[BlackElo "2502"]
[EventDate "1999.06.12"]
[PlyCount "53"]

1.c4 e6 2.Nf3 d5 3.d4 c6 4.Nc3 Nf6 5.Bg5 h6 6.Bh4 dxc4 7.e4 g5 8.Bg3 b5 9.
Be2 Bb7 10.h4 g4 11.Ne5 b4 12.Na4 Nxe4 13.Bxc4 h5 14.Qe2 Nxg3 15.fxg3 Rh6 
16.O-O f5 17.d5 Qa5 18.Rxf5 Qxa4 19.Rxf8+ Kxf8 20.Qf2+ Ke7 21.Qf7+ Kd6 22.
Qf8+ Kc7 23.d6+ Kb6 24.Bb3 Qb5 25.Qd8+ Kc5 26.Rc1+ Kd4 27.Qg5 {Black can't
prevent quick mate, e.g. Winants: 'et les Noirs abandonncrent.'} 1-0

[Event "13th Vidmar Memorial"]
[Site "Portoroz SLO"]
[Date "1999.06.14"]
[Round "2"]
[White "Zviagintsev, Vadim"]
[Black "Beliavsky, Alexander"]
[Result "1/2-1/2"]
[WhiteElo "2655"]
[BlackElo "2650"]
[EventDate "1999.06.12"]
[PlyCount "39"]

1.e4 e5 2.d4 exd4 3.Nf3 Bb4+ 4.c3 dxc3 5.Nxc3 Ne7 6.Qd4 Bxc3+ 7.Qxc3 O-O 
8.b4 d5 9.Bb2 f6 10.Bd3 Kh8 11.O-O Bg4 12.Nh4 Nd7 13.Bc2 Ne5 14.exd5 Qxd5 
15.Rae1 Qc6 16.h3 Bh5 17.f4 Qxc3 18.Bxc3 Nd5 19.fxe5 Nxc3 20.exf6 {and 
draw agreed, for example:} 1/2-1/2

[Event "13th Vidmar Memorial"]
[Site "Portoroz SLO"]
[Date "1999.06.15"]
[Round "3"]
[White "Aronian, Levon"]
[Black "Stohl, Igor"]
[Result "1/2-1/2"]
[WhiteElo "2502"]
[BlackElo "2573"]
[EventDate "1999.06.12"]
[PlyCount "84"]

1.g3 g6 2.Bg2 Bg7 3.c4 c5 4.Nc3 Nc6 5.a3 e6 6.e4 Nge7 7.Nge2 d6 8.O-O O-O 
9.Rb1 b6 10.d3 Bb7 11.b4 Qd7 12.h4 h6 13.Bd2 Rad8 14.b5 Ne5 15.Nf4 f5 16.
exf5 Nxf5 17.Ne4 d5 18.cxd5 exd5 19.Nc3 Qf7 20.Kh1 g5 21.Nh3 g4 22.Nf4 Nd4
23.Re1 Nef3 24.Re3 Nxh4 25.Qxg4 Nxg2 26.Kxg2 Nf5 27.Ree1 Kh7 28.Kg1 Rg8 
29.Qh5 Qxh5 30.Nxh5 Bd4 31.Ne2 Bh8 32.Nef4 Rge8 33.Ne6 Rc8 34.Kf1 c4 35.g4
Nh4 36.Nf8+ Kg8 37.Nd7 Nf3 38.Rxe8+ Rxe8 39.Rd1 c3 40.Ndf6+ Bxf6 41.Nxf6+ 
Kf7 42.Bxc3 Re6 {Und hier wurde Remis gegeben. Schwarz kann den Bauern mit
ungefahr gleicher Stellung zuruckgewinnen.} 1/2-1/2

[Event "13th Vidmar Memorial"]
[Site "Portoroz SLO"]
[Date "1999.06.15"]
[Round "3"]
[White "Beliavsky, Alexander"]
[Black "Kozul, Zdenko"]
[Result "1-0"]
[WhiteElo "2650"]
[BlackElo "2585"]
[EventDate "1999.06.12"]
[PlyCount "117"]

1.d4 Nf6 2.c4 g6 3.Nc3 Bg7 4.e4 d6 5.Nf3 O-O 6.Be2 e5 7.O-O Nbd7 8.Re1 h6 
9.Qc2 Nh7 10.dxe5 dxe5 11.Be3 c6 12.Rad1 Qe7 13.Qc1 h5 14.c5 Ndf6 15.h3 
Ne8 16.b4 Kh8 17.b5 Bd7 18.bxc6 bxc6 19.Qa3 Nc7 20.Rd6 Rfb8 21.Red1 Be8 
22.Bc4 Nf8 23.Bg5 f6 24.Be3 Nce6 25.Qc1 Rb7 26.Bb3 Rd8 27.Ba4 Rxd6 28.cxd6
Qd8 29.Ne2 c5 30.Bxe8 Qxe8 31.Rd5 Nd7 32.Ng3 Kh7 33.Kh2 Bf8 34.Nh4 Nb6 35.
Rd2 Rd7 36.Bxc5 Nxc5 37.Qxc5 Qe6 38.Qa3 Bh6 39.Rd1 Bf4 40.Kg1 Nc8 41.Qf3 
Qf7 42.Qa3 Bh6 43.Nf1 Bf8 44.Rd3 Rxd6 45.Rg3 Rc6 46.Qd3 g5 47.Nf5 Nd6 48.
Nxd6 Bxd6 49.Qd1 Bc5 50.Rd3 Rc7 51.Ng3 h4 52.Nf5 Bb6 53.Rd5 Kg6 54.a4 Qh7 
55.a5 Bc5 56.Rd8 Rb7 57.Rc8 Rb5 58.Qc2 Ba3 59.Qa2 1-0

[Event "13th Vidmar Memorial"]
[Site "Portoroz SLO"]
[Date "1999.06.16"]
[Round "4"]
[White "Zviagintsev, Vadim"]
[Black "Kozul, Zdenko"]
[Result "0-1"]
[WhiteElo "2658"]
[BlackElo "2585"]
[EventDate "1999.06.12"]
[PlyCount "68"]

1.d4 Nf6 2.c4 g6 3.Nc3 Bg7 4.e4 d6 5.Be2 O-O 6.Nf3 e5 7.d5 a5 8.Bg5 Na6 9.
Nd2 Qe8 10.O-O Kh8 11.a3 Bd7 12.Nb5 Ng8 13.f3 f5 14.b4 f4 15.g4 Bf6 16.
Bxf6+ Nxf6 17.bxa5 Qe7 18.a4 h5 19.h3 hxg4 20.hxg4 Kg7 21.Kg2 Nh5 22.Rg1 
Ng3 23.Nf1 Nxe2 24.Qxe2 Bxg4 25.Nh2 Bh5 26.Qd2 Nc5 27.Ra2 Ra6 28.Kh1 Rh8 
29.Qc3 c6 30.Na3 Nxa4 31.Qb3 Rxa5 32.Rag2 Nc5 33.Qc3 Ra4 34.Rg5 Qd8 0-1

[Event "13th Vidmar Memorial"]
[Site "Portoroz SLO"]
[Date "1999.06.17"]
[Round "5"]
[White "Aronian, Levon"]
[Black "Zviagintsev, Vadim"]
[Result "1/2-1/2"]
[WhiteElo "2502"]
[BlackElo "2658"]
[EventDate "1999.06.12"]
[PlyCount "104"]

1.Nf3 c5 2.g3 g6 3.Bg2 Bg7 4.d4 cxd4 5.Nxd4 Nc6 6.Nb3 Nf6 7.O-O O-O 8.Nc3 
d6 9.h3 Nd7 10.Re1 Nb6 11.Rb1 Be6 12.e3 Bxc3 13.bxc3 Qd7 14.Kh2 Rac8 15.
Bb2 Na4 16.Ba1 b6 17.e4 Rc7 18.f4 f6 19.Re3 Rfc8 20.Qe1 Na5 21.Rd1 Nc4 22.
Re2 Qe8 23.g4 Bf7 24.Qh4 Qf8 25.Nd4 Qg7 26.Nf3 e5 27.g5 fxg5 28.Qxg5 h6 
29.Qh4 Rf8 30.Bh1 exf4 31.Qxf4 b5 32.Rg1 Nab6 33.Nd4 Qe5 34.Qxe5 dxe5 35.
Nxb5 Rc5 36.Nd4 exd4 37.cxd4 Ra5 38.e5 Bd5 39.Rxg6+ Kh7 40.Bxd5 Kxg6 41.
Be4+ Kf7 42.Bc3 Rb5 43.Bc6 Rb1 44.d5 Rd8 45.Rf2+ Ke7 46.d6+ Nxd6 47.exd6+ 
Rxd6 48.Be4 Nd5 49.Bg7 Nf6 50.Bd3 h5 51.Bc4 Re1 52.Kg2 Rc6 1/2-1/2

[Event "13th Vidmar Memorial"]
[Site "Portoroz SLO"]
[Date "1999.06.17"]
[Round "5"]
[White "Beliavsky, Alexander"]
[Black "Pavasovic, Dusko"]
[Result "1-0"]
[WhiteElo "2650"]
[BlackElo "2502"]
[EventDate "1999.06.12"]
[PlyCount "85"]

1.c4 e6 2.Nf3 d5 3.d4 c6 4.Bg5 f6 5.Bd2 dxc4 6.e3 b5 7.a4 Qb6 8.b3 cxb3 9.
Qxb3 b4 10.a5 Qb7 11.Bc4 Kf7 12.O-O Na6 13.Na3 c5 14.Nc2 Qe4 15.Nce1 Bd6 
16.Bd3 Qd5 17.Qc2 Bb7 18.Bc4 Qh5 19.Qd3 Nc7 20.dxc5 Qxc5 21.Bxb4 Qxb4 22.
Rb1 Qxa5 23.Qxd6 Bc8 24.Nd3 Ne7 25.Nd4 Ncd5 26.Rfc1 Rd8 27.Qg3 Bd7 28.e4 
Nb6 29.Bb3 Rac8 30.Qd6 Rxc1+ 31.Rxc1 Rc8 32.Rd1 Qc3 33.Nf4 Qc7 34.Qxc7 
Rxc7 35.Nfxe6 Rc3 36.Nc5+ Ke8 37.Nxd7 Nxd7 38.Ba4 Rc4 39.Bb5 Rc7 40.Ne6 
Rb7 41.Ba4 Nc8 42.Nc5 Nb6 43.Bxd7+ 1-0

[Event "13th Vidmar Memorial"]
[Site "Portoroz SLO"]
[Date "1999.06.17"]
[Round "5"]
[White "Kozul, Zdenko"]
[Black "Stohl, Igor"]
[Result "1-0"]
[WhiteElo "2585"]
[BlackElo "2573"]
[EventDate "1999.06.12"]
[PlyCount "61"]

1.Nf3 c5 2.e3 g6 3.d4 Bg7 4.Be2 Nf6 5.O-O cxd4 6.exd4 d5 7.Bf4 Qb6 8.Nc3 
O-O 9.Na4 Qd8 10.Nc5 Nc6 11.c3 Nh5 12.Be3 Qc7 13.Re1 Nf4 14.Bb5 Ne6 15.
Nxe6 Bxe6 16.Qd2 Rfe8 17.Bh6 Bf6 18.Re3 Bd7 19.Rae1 e6 20.Bxc6 Bxc6 21.h4 
Bg7 22.Bxg7 Kxg7 23.h5 Re7 24.Re5 Rf8 25.Nh2 Qd6 26.hxg6 f6 27.Ng4 fxe5 
28.Qh6+ Kg8 29.dxe5 Qd8 30.Nf6+ Kh8 31.Nxh7 1-0

[Event "13th Vidmar Memorial"]
[Site "Portoroz SLO"]
[Date "1999.06.19"]
[Round "6"]
[White "Kozul, Zdenko"]
[Black "Pavasovic, Dusko"]
[Result "1-0"]
[WhiteElo "2585"]
[BlackElo "2502"]
[EventDate "1999.06.12"]
[PlyCount "73"]

1.d4 d5 2.c4 e6 3.Nf3 c6 4.Nbd2 f5 5.g3 Bd6 6.Bg2 Nf6 7.O-O Nbd7 8.Qc2 O-O
9.b3 Qe7 10.Bb2 b6 11.Ne5 Bb7 12.Nd3 Rac8 13.Rac1 Ne4 14.c5 Bb8 15.f3 Nxd2
16.Qxd2 e5 17.dxe5 Nxe5 18.Bd4 Nxd3 19.exd3 f4 20.Rfe1 Qd7 21.g4 bxc5 22.
Bxc5 Rfe8 23.Qf2 Ba6 24.Bf1 Kf7 25.a4 Rxe1 26.Qxe1 Re8 27.Qh4 Kg8 28.b4 d4
29.Qf2 Re3 30.Qa2+ Kh8 31.b5 cxb5 32.axb5 Bxb5 33.Qb2 Be5 34.Bxa7 Bxd3 35.
Qa3 h6 36.Bxd3 Bd6 37.Qxd6 1-0

[Event "13th Vidmar Memorial"]
[Site "Portoroz SLO"]
[Date "1999.06.19"]
[Round "6"]
[White "Zviagintsev, Vadim"]
[Black "Stohl, Igor"]
[Result "1/2-1/2"]
[WhiteElo "2658"]
[BlackElo "2573"]
[EventDate "1999.06.12"]
[PlyCount "41"]

1.e4 c5 2.Nf3 d6 3.d4 Nf6 4.Bb5+ Bd7 5.Bxd7+ Qxd7 6.dxc5 Nxe4 7.cxd6 Nxd6 
8.O-O Nc6 9.Bf4 e6 10.Qe2 Be7 11.Nc3 Rd8 12.Rad1 Qc7 13.Rd2 O-O 14.Rfd1 
Nf5 15.Ne4 Rxd2 16.Rxd2 Rd8 17.c3 h6 18.h3 Rxd2 19.Bxd2 Qd7 20.b4 Nd6 21.
Qd3 1/2-1/2

[Event "13th Vidmar Memorial"]
[Site "Portoroz SLO"]
[Date "1999.06.21"]
[Round "8"]
[White "Beliavsky, Alexander"]
[Black "Zviagintsev, Vadim"]
[Result "1/2-1/2"]
[WhiteElo "2650"]
[BlackElo "2658"]
[EventDate "1999.06.12"]
[PlyCount "32"]

1.d4 d5 2.c4 e6 3.Nf3 c6 4.Qc2 Nf6 5.g3 dxc4 6.Qxc4 b5 7.Qc2 Bb7 8.Bg2 
Nbd7 9.a4 b4 10.Ne5 Qc8 11.Nxd7 Qxd7 12.O-O c5 13.Bxb7 Qxb7 14.dxc5 Rc8 
15.Be3 Bxc5 16.Bxc5 Nd7 1/2-1/2

[Event "13th Vidmar Memorial"]
[Site "Portoroz SLO"]
[Date "1999.06.23"]
[Round "10"]
[White "Stohl, Igor"]
[Black "Kozul, Zdenko"]
[Result "1/2-1/2"]
[WhiteElo "2573"]
[BlackElo "2585"]
[EventDate "1999.06.12"]
[PlyCount "27"]

1.c4 Nf6 2.g3 c6 3.Nf3 d5 4.b3 Bf5 5.Bb2 e6 6.Bg2 Be7 7.d3 h6 8.Nbd2 O-O 
9.O-O a5 10.a3 Bh7 11.Ne5 Nfd7 12.Qc2 Nxe5 13.Bxe5 Nd7 14.Bc3 1/2-1/2